000 00417nam a2200181Ia 4500
008 220531s9999 xx 000 0 und d
041 _aeng
082 _bBHA
100 _aBhagat, C.
_971007
245 _aFive Point Someone
250 _a1ST
260 _aNew Delhi
_bRupa Co,
_c2008
300 _a267
542 _d27-03-2015
650 _aGeneral
_971008
906 _d2014-2015
_f6285
999 _c39735
_d39735